Food science
Gardado en:
| Autor Principal: | |
|---|---|
| Formato: | Libro |
| Idioma: | inglés |
| Publicado: |
Westport
Avi
1978
|
| Edición: | 3a. ed |
| Subjects: | |
| Tags: |
Engadir etiqueta
Sen Etiquetas, Sexa o primeiro en etiquetar este rexistro!
|
MARC
| LEADER | 00000nam a2200000 a 4500 | ||
|---|---|---|---|
| 001 | UCU7270 | ||
| 003 | CL-VaPUC | ||
| 008 | 960628e19780000US |||||||||||||||||eng|d | ||
| 082 | 0 | 4 | |a 664 |b POT |2 21 |
| 100 | 0 | |a Potter, Norman N |e author |9 365979 | |
| 245 | 1 | 0 | |a Food science |
| 250 | |a 3a. ed | ||
| 300 | |a 780 p | ||
| 942 | |c BK | ||
| 945 | |d 19960628 00:00:00 |a paguirre | ||
| 260 | |a Westport |b Avi |c 1978 | ||
| 650 | 7 | |a TECNOLOGIA DE ALIMENTOS |2 CL-VaPUC |9 365980 | |
| 650 | 0 | |a Industria alimentaria |9 331702 | |
| 650 | 0 | |a Fermentación |9 259565 | |
| 650 | 0 | |a Leche |9 259848 | |
| 650 | 7 | |a HUEVOS |2 CL-VaPUC |9 259518 | |
| 650 | 0 | |a Aceites comestibles |9 364853 | |
| 650 | 0 | |a Frutas |9 259500 | |
| 650 | 7 | |a CACAO |2 CL-VaPUC |9 359083 | |
| 650 | 0 | |a Agua |9 257149 | |
| 650 | 0 | |a Alimentos |9 256203 | |
| 583 | |a last modification |c 19960628 00:00:00 |k Rodrigo Vera | ||
| 999 | |c 249943 |d 249941 | ||
| 952 | |0 0 |1 0 |4 0 |6 664_000000000000000_POT_1978 |7 0 |8 A |9 267524 |a BIBING |b BIBING |d 2019-11-19 |i 1699733 |o 664 POT 1978 |p 1699733 |r 2025-01-20 |w 2019-11-19 |y BK |k EIB | ||
| 952 | |0 0 |1 0 |4 0 |6 664_000000000000000_POT_1978 |7 0 |8 A |9 267525 |a BIBING |b BIBING |d 2019-11-19 |i 1699458 |o 664 POT 1978 |p 1699458 |r 2025-01-20 |w 2019-11-19 |y BK |k EIB | ||